|
|
|
|
| LEADER |
00000nab a2200000uu 4500 |
| 001 |
vtls011455940 |
| 003 |
SK-MaSNL |
| 005 |
20260303214208.0 |
| 008 |
230222|1981 xo |||||||||||||||||eng| |
| 015 |
|
|
|a SNBRB
|
| 035 |
|
|
|a (urnnbn)urn:nbn:sk:snk:ar-a080lq
|
| 035 |
|
|
|a (uuid)fa5b917e-175e-435c-a52c-8a809868fcf3
|
| 035 |
|
|
|a urn:nbn:sk:snk-abcqvf
|
| 040 |
|
|
|a SNKBUCL
|b slo
|c SNKBUCL
|e AACR2
|
| 041 |
0 |
|
|a eng
|
| 044 |
|
|
|a xo
|c SK
|
| 100 |
1 |
|
|a Poleshuk, N. N.
|4 aut
|9 1248928
|
| 245 |
1 |
0 |
|a INVESTIGATIONS ON THE STRUCTURE AND MORPHOGENESIS OF SOME ARBOVIRUSES ISOLATED IN THE U.S.S.R
|c N. N. Poleshuk, V. L. Gromashevsky, T. M. Skvortsova, D. K. Lvov, S. M. Klimenko
|
| 700 |
1 |
|
|a Lvov, D. K.
|4 aut
|9 922492
|
| 700 |
1 |
|
|a Klimenko, S. M.
|4 aut
|9 1000987
|
| 700 |
1 |
|
|a Gromashevsky, V. L.
|4 aut
|9 1199289
|
| 700 |
1 |
|
|a Skvortsova, T. M.
|4 aut
|9 1176524
|
| 773 |
0 |
|
|t Acta virologica
|g Roč. 25, č. 3 (1981), s. 144-149
|
| 958 |
|
|
|a OND
|
| 958 |
|
|
|a EUIPO
|
| 958 |
|
|
|a article16
|
| 999 |
|
|
|c 2215859
|d 2217789
|